Fikr e Iqbal or Nojawan / (Record no. 614276)

000 -LEADER
fixed length control field 00600nam a22001697a 4500
082 ## - DEWEY DECIMAL CLASSIFICATION NUMBER
Classification number 928.914
Author Mark FAR
100 ## - MAIN ENTRY--PERSONAL NAME
Personal name Fareed,Muhammad
245 ## - TITLE STATEMENT
Title Fikr e Iqbal or Nojawan /
Statement of responsibility, etc. Muhammad Fareed,
260 ## - PUBLICATION, DISTRIBUTION, ETC.
Place of publication, distribution, etc. Islamabad;
Name of publisher, distributor, etc. Ilmo Agahi Publishers;
Date of publication, distribution, etc. 2018.
300 ## - PHYSICAL DESCRIPTION
Extent 208 p. :
Dimensions 24cm.
563 ## - BINDING INFORMATION
Binding note PB
650 ## - SUBJECT ADDED ENTRY--TOPICAL TERM
Topical term or geographic name entry element Iqbal Muhammad Philosophy
880 ## - ALTERNATE GRAPHIC REPRESENTATION
Linkage 100-01\(3\r
Title محمد فرید.
880 ## - ALTERNATE GRAPHIC REPRESENTATION
Linkage 245-02\(3\r
Title فکرِ اقبال اور نوجوان/
b محمد فرید,
880 ## - ALTERNATE GRAPHIC REPRESENTATION
Linkage 260-03\(3\r
Title اسلام آباد ;
b علم و آگاہی پبلشرز,
c 2018.
942 ## - ADDED ENTRY ELEMENTS (KOHA)
Source of classification or shelving scheme
Koha item type Book
650 ## - SUBJECT ADDED ENTRY--TOPICAL TERM
-- 129718
Holdings
Withdrawn status Lost status Source of classification or shelving scheme Damaged status Not for loan Permanent Location Current Location Date acquired Total Checkouts Full call number Barcode Date last seen Price effective from Koha item type
          Central Library (CL) Central Library (CL) 07/11/2025   928.914 FAR CL-D-2778 07/15/2025 07/11/2025 Book
© 2023 Central Library, National University of Sciences and Technology. All Rights Reserved.